000 00696nam a2200229Ia 4500
003 OSt
005 20221005083256.0
006 a|||||r|||| 00| 0
007 ta
008 221004b |||||||| |||| 00| 0 eng d
024 _a26271
037 _bGift, 29/04/2016,
_cTextual
040 _aCRL
_cCRL
_beng
041 _2eng
_aeng
082 _aY15z7, Q3
245 0 _aSaksham
_b Measures of ensuring the safety women and programmes for gender sensitization on campuses
260 _aNew Delhi
_bUniversity Grants Commissions India
_c2013
300 _axiii, 235p.
_ccm.
650 _aSOCIOLOGY
942 _hY15z7, Q3
_cTEXL
_2cc
999 _c990551
_d990551